Writing and the writer
Furkejuvvon:
| Váldodahkki: | |
|---|---|
| Materiálatiipa: | Girji |
| Giella: | eaŋgalasgiella |
| Almmustuhtton: |
Londres
Heinemann Educational Books
1982
|
| Fáttát: | |
| Fáddágilkorat: |
Lasit fáddágilkoriid
Eai fáddágilkorat, Lasit vuosttaš fáddágilkora!
|
MARC
| LEADER | 00000nam a2200000 a 4500 | ||
|---|---|---|---|
| 001 | UCQ2829 | ||
| 003 | CL-VaPUC | ||
| 008 | 980731e19820000UK |||||||||||||||||eng|d | ||
| 082 | 0 | 4 | |a 808.042 |b SMI |2 21 |
| 100 | 0 | |a Smith, Frank |e author |9 416909 | |
| 245 | 1 | 0 | |a Writing and the writer |
| 300 | |a 252 p | ||
| 942 | |c BK | ||
| 945 | |d 19980731 00:00:00 |a crobeson | ||
| 260 | |a Londres |b Heinemann Educational Books |c 1982 | ||
| 650 | 0 | |a Composición literaria |9 324494 | |
| 650 | 0 | |a Retórica |9 266620 | |
| 650 | 0 | |a Literatura |9 259151 | |
| 583 | |a last modification |c 19980731 00:00:00 |k Rodrigo Vera | ||
| 999 | |c 273594 |d 273592 | ||
| 952 | |0 0 |1 0 |4 0 |6 808_042000000000000_SMI_1982 |7 0 |8 A |9 309344 |a BIBEDU |b BIBEDU |d 2019-11-20 |i 1451650 |o 808.042 SMI 1982 |p 1451650 |r 2019-11-20 |w 2019-11-20 |y BK |k LIT | ||
| 952 | |0 0 |1 0 |4 0 |6 808_042000000000000_SMI_1982 |7 0 |8 A |9 309345 |a BIBEDU |b BIBEDU |d 2019-11-20 |i 1451669 |o 808.042 SMI 1982 |p 1451669 |r 2019-11-20 |w 2019-11-20 |y BK |k LIT | ||
| 952 | |0 0 |1 0 |4 0 |6 808_042000000000000_SMI_1982 |7 0 |8 A |9 309346 |a BIBEDU |b BIBEDU |d 2019-11-20 |i 1451677 |o 808.042 SMI 1982 |p 1451677 |r 2019-11-20 |w 2019-11-20 |y BK |k LIT | ||